01072nam a2200265Ia 450000500170000000800410001702000150005804100080007308200200008110000240010124500930012525000220021830000400024050400270028053400770030765000370038465100690042165100930049070000290058326400710061233600270068333700330071033800280074304000350077120220316235634.0121119s2000 ck a gr 000 0 spa  a95896930671 aspa04a918.6151 bW27t1 aWest, Robertd1913-14aLas tierras bajas del Pacífico colombiano cRobert West ; traducción de Claudia Leal aPrimera edición a301 páginasbilustracionesc25 cm aIncluye bibliografía tThe pacific lowlands of Colombia, a negroid area of the american tropics14aCulturas negrasxColombia 2LEMB 4aCosta Pacífica (Región, Colombia)xCondiciones económicas  4aCosta Pacífica (Región, Colombia)xDescripciones y viajes xVida social y costumbres1 aLeal, Claudiaetraductor aBogotá bInstituto Colombiano de Antropología e Historiac2000 atextobtxt2rdacontent asin mediaciónbn2rdamedia avolumenbnc2rdacarrier aCO-BoRNBPbspaerdacCO-BoRNBP